000 01322nam a2200313 c 4500
999 _c122942
_d122942
003 BLK
005 20230227101414.0
008 180409b bul|||||r ||||||| ||bul||
010 _aKNG00128595000
040 _aBLK
041 _aBUL
_cBUL
080 _aЕстетическо възпитание
_b37.036
_z37.036
080 _aЕстетика
_b18
_z18
100 1 _aАтанасов, Жечо Господинов
_eпърви автор
_9364564
139 _aАтанасов, Жечо Господинов
_bА 93
245 1 0 _aОснови на естетическото възпитание
_bИзследване
_cЖечо Господинов Атанасов.
257 _aBGR
260 _aСофия
_bНар. просв.
_c1975
_fВ. Търново : Д. Найденов
300 _a228 с.
_c21 см
380 _a3
500 _aАвт. не е отбелязан на кор. - 10 101 тир. - Библиогр. под линия.
650 4 _aЕстетическо възпитание
_9284085
653 _aестетическо възпитание
852 _aЦб 78327
_bЦб
856 4 _qpdf
856 4 _qpdf
942 _cKNG
_n0
_03
_s1
944 _aCR
_c10.03.2012
_l10.03.2012 - от С1,Р / 10.03.2012
_kНаталия_Медовщикова
944 _aED
_c10.03.2012
_l10.03.2012 - от С1,Р / 10.03.2012
944 _aED
_c2022-10-06
999 _d122942